| 000 | 01104cam a22003255a 4500 | ||
|---|---|---|---|
| 008 | 150817t2005 ad f |||| 001 0 eng d | ||
| 010 | _a 2003068940 | ||
| 020 | _a0321197860 | ||
| 020 | _a0321269780 | ||
| 020 | _a9780321269782 | ||
| 020 | _a9780321197863 | ||
| 040 |
_aEG-ScBUE _beng _cEG-ScBUE |
||
| 082 | 0 | 4 |
_a004.6 _bSHN _222 |
| 100 | 1 |
_aShneiderman, Ben. _934906 |
|
| 245 | 1 | 0 |
_aDesigning the user interface : _bstrategies for effective human-computer interaction / _cBen Shneiderman, Catherine Plaisant. |
| 250 |
_a4th ed. _binternational ed. |
||
| 260 |
_aBoston : _bPearson/Addison Wesley. _cc2005. |
||
| 300 |
_axviii, 652 p. : _bcol. ill. ; _c24 cm. |
||
| 500 | _aIncludes indexes. | ||
| 504 | _aIncludes bibliographical references.. | ||
| 590 | _amustafa galal. | ||
| 650 | 0 |
_aHuman-computer interaction. _2BUEsh |
|
| 650 | 0 |
_aUser interfaces _2BUEsh |
|
| 650 | 0 |
_aSystem design _2BUEsh |
|
| 650 | 0 |
_aUser interfaces (Computer systems) _2BUEsh |
|
| 651 | _2BUEsh | ||
| 653 |
_bENGGEN _cAugust2015 |
||
| 700 | 1 |
_aPlaisant, Catherine. _934907 |
|
| 942 |
_cBB _k005.1SHN _2ddc |
||
| 999 |
_c174 _d174 |
||